00283nam a2200121Ia 4500008004100000041000900041082001500050100002200065245002400087260003400111300000800145650000800153230718s9999 xx 000 0 und d aEng. a340bKHO-Y aKhokhar, Muhammad 0aYearly Law Reporter aPakistanbSupreme Courtc2016 a108 aLaw